01343nam a2200361Ia 4500001001200000003000800012006001900020007001500039008004100054010001700095020004000112040002100152035002000173050002400193082001800217100002300235245009600258260004300354300001700397500002000414533015200434650003600586650004100622650002100663650002300684650002400707650002700731655002900758700003200787710001700819856012600836999001900962ebr10124713CaPaEBRm u cr cn|||||||||050419s2005 flu s 001 0 eng d z 2005011208 z1932159363 (hardcover : alk. paper) aCaPaEBRcCaPaEBR a(OCoLC)8024655714aHD38.5b.G63 2005eb04a658.4/0132221 aGoldsby, Thomas J.10aLean Six Sigma logisticsh[electronic resource] /cby: Thomas Goldsby & Robert Martichenko. aBoca Raton, FL :bJ. Ross Pub.,c2005. axvii, 282 p. aIncludes index. aElectronic reproduction.bPalo Alto, Calif. :cebrary,d2009.nAvailable via World Wide Web.nAccess may be limited to ebrary affiliated libraries. 0aBusiness logisticsxManagement. 0aSix sigma (Quality control standard) 0aProcess control. 0aInventory control. 0aWaste minimization. 0aIndustrial efficiency. 7aElectronic books.2local1 aMartichenko, Robert,d1965-2 aebrary, Inc.40uhttp://site.ebrary.com/lib/rucke/Doc?id=10124713zAn electronic book accessible through the World Wide Web; click to view c109033d109033